000 nam a22 7a 4500
999 _c10696
_d10696
008 180220b ||||| |||| 00| 0 eng d
100 _aAggarwal,R.S.etal.
_96562
245 _aComposite Mathematics-3
260 _aNew Delhi
_bS.Chand